000 00727nam a22002297a 4500
003 OSt
005 20260312013512.0
008 260312b |||||||| |||| 00| 0 eng d
020 _a0-495-03197-6.
040 _aDWCL Main lib
_cOC
082 _211th ed.
_aCirc. 333.7 M648e 2006
100 _aMiller, G. Tyler Jr.
245 _aEnvironmental science :
_bworking with the earth
_cG. Tyler Miller Jr.
250 _a11th ed.
260 _aAustralia :
_bThomson/Wadsworth,
_cc2006.
300 _axxi, 118 p. :
_bcol. ill. ;
_c27 cm.
504 _aIncludes index.
650 _a1. Environmental protection.
650 _a2. Environmental sciences.
650 _a3. Human ecology.
942 _2ddc
_cBK-CIRC
_e11th ed.
_kCirc.
_n0
999 _c8991
_d8991